Introduction to free radical chemistry

Guardat en:
Dades bibliogràfiques
Autor principal: Pryor, William A (Autor)
Format: Llibre
Idioma:anglès
Publicat: Englewood Cliffs Prentice-Hall 1966
Col·lecció:Prentice Hall Foundations of Modern Organic Chemistry Series
Matèries:
Etiquetes: Afegir etiqueta
Sense etiquetes, Sigues el primer a etiquetar aquest registre!

MARC

LEADER 00000nam a2200000 a 4500
001 UCT5902
003 CL-VaPUC
008 961223e19660000us |||||||||||||||||eng|d
082 0 4 |a 541.224  |b PRY  |2 21 
100 0 |a Pryor, William A  |e author  |9 375521 
245 1 0 |a Introduction to free radical chemistry 
300 |a 110 p 
942 |c BK 
945 |d 19961223 00:00:00  |a rleighto 
260 |a Englewood Cliffs  |b Prentice-Hall  |c 1966 
650 7 |a RADICALES LIBRES QUIMICA  |2 CL-VaPUC  |9 375522 
650 0 |a Reacciones químicas  |9 259438 
650 7 |a FOTOQUIMICA  |2 CL-VaPUC  |9 306796 
650 7 |a HALOGENACION  |2 CL-VaPUC  |9 365525 
650 7 |a POLIMERIZACION  |2 CL-VaPUC  |9 313729 
650 0 |a Química orgánica   |9 259426 
583 |a last modification  |c 20150428 12:24:40  |k Rodrigo Vera 
490 0 |a Prentice Hall Foundations of Modern Organic Chemistry Series 
999 |c 254684  |d 254682 
952 |0 0  |1 0  |4 0  |6 541_224000000000000_PRY_1966  |7 0  |8 A  |9 276527  |a BIBCUR  |b BIBCUR  |d 2019-11-19  |i 3262472  |o 541.224 PRY 1966  |p 3262472  |r 2025-04-22  |w 2019-11-19  |y BK  |k BCB